Statystyki dla 10 moich ulubionych państw na świecie.

Kliknij tutaj aby rozwiązać quiz!

Ogólne statystyki

  • Ten quiz został rozwiązany 31 razy
  • Średni wynik to 8 z 10

Statystyki odpowiedzi

RankingKraj% Poprawnych
3.Stany Zjednoczone
100%
6.Hiszpania
86%
7.Brazylia
82%
2.Francja
82%
9.Kanada
82%
1.Wielka Brytania
82%
4.Włochy
82%
5.Japonia
75%
8.Grecja
68%
10.Chorwacja
61%

Rozkład punktacji

Percentyl według liczby udzielonych odpowiedzi

Procent ludzi z każdym wynikiem

Twoja historia wyników

Nie rozwiązałeś tego quizu